000 00722nam a2200241Ia 4500
003 OSt
005 20220923211037.0
006 a|||||r|||| 00| 0
007 ta
008 Pun
020 _a8172013191 (hbk)
024 _a235,154
037 _cTextual
040 _aARTS
_cARTS
_bPun
041 _2Pun
_aPun
082 _aO1541,3N33x, 153N2
100 _aਰਾਹੀ, ਵੇਦ; ਨੇਗੀ, ਚੰਦਰ, ੳਗ.
_9157516
245 0 _aਕੂਕਾਂ
260 _aਦਿੱਲੀ
_b ਸਾਹਿਤ ਅਕਾਦੇਮੀ
_c1992
300 _a95ਪੰ
_ccm.
942 _hO1541,3N33x, 153N2
_cTEXL
_2CC
999 _c294407
_d294407